Statistics for Top 20 'Average Age' countries in the world

Click here to take the quiz!

General Stats

  • This quiz has been taken 18 times
  • The average score is 10 of 20

Answer Stats

DifferenceMedian AgeContinentAnswer% Correct
-1.931.6South AmericaBrazil
89%
+0.534.0South AmericaChile
83%
-2.031.5South AmericaArgentina
78%
-0.233.3OceaniaPalau
72%
+1.034.5North AmericaSt Kitts and Nevis
72%
+1.234.7South AmericaUruguay
72%
-1.931.6North AmericaAntigua and Barbuda
67%
+0.734.2North AmericaSt Lucia
67%
-0.533.0North AmericaSt Vincent and the Grenadines
67%
-1.132.4AfricaTunisia
44%
+1.334.8AfricaMauritius
39%
+1.434.9AfricaSeychelles
39%
-1.432.1AsiaBahrain
28%
-0.533.0AsiaQatar
28%
+0.834.3AsiaSingapore
28%
-1.032.5AsiaSri Lanka
28%
-1.032.5EuropeAlbania
17%
+1.134.6AsiaArmenia
17%
+0.333.8AsiaNorth Korea
17%
-0.533.0North AmericaDominca
0%

Score Distribution

Percentile by Number Answered

Percent of People with Each Score

Your Score History

You have not taken this quiz